000 00331nam a22001457a 4500
003 SGT
082 _a152, E07S
100 _aSHARMA, R A
245 _aESSENTIALS OF SCIENTIFIC BEHAVIORAL RESEARCH
250 _a1ST
260 _aU.P
_bLALL BOOK DEPT.
_c2077
300 _a824
650 _aSOCIAL PSYCHOLOGY
942 _2ddc
_cBK
_02
999 _c9088
_d9088